Sports Quiz

Random Sports or NHL Quiz

NHL Hockey Teams Quiz Stats

 Plays Quiz not verified by Sporcle

Challenge
Share
Tweet
Embed
Score 0/30 Timer 05:00
0 Plays Today
Can you name all of the American NHL Hoc % Correct
Detroit Redwings
93.7%
Montreal Canadiens
93%
New York Rangers
91.8%
Pittsburgh Penguins
91.8%
Toronto Maple Leafs
91.1%
New York Islanders
89.9%
Vancouver Canucks
89.2%
Boston Bruins
89.2%
Chicago Blackhawks
88.6%
Philadelphia Flyers
87.3%
San Jose Sharks
86.1%
Dallas Stars
86.1%
Los Angeles Kings
84.8%
Washington Capitals
84.8%
Tampa Bay Lightning
84.8%
Can you name all of the American NHL Hoc % Correct
Florida Panthers
84.2%
Carolina Hurricanes
83.5%
New Jersey Devils
83.5%
Minnesota Wild
82.9%
Buffalo Sabres
82.9%
Anaheim Ducks
82.9%
Edmonton Oilers
81.6%
St. Louis Blues
81.6%
Calgary Flames
81%
Colorado Avalanche
81%
Atlanta Thrashers
80.4%
Ottawa Senators
79.7%
Nashville Predators
79.1%
Phoenix Coyotes
77.8%
Columbus Blue Jackets
77.2%

You're not logged in!

Compare scores with friends on all Sporcle quizzes.
Join for Free
OR
Log In

You Might Also Like...

Show Comments

Extras

Top Quizzes Today


Score Distribution

Your Account Isn't Verified!

In order to create a playlist on Sporcle, you need to verify the email address you used during registration. Go to your Sporcle Settings to finish the process.

Report this User

Report this user for behavior that violates our Community Guidelines.

Details: